Sequence of national accounts India 2012 (Record no. 507100)

000 -LEADER
fixed length control field 00300nam a22000977a 4500
082 ## - DEWEY DECIMAL CLASSIFICATION NUMBER
Classification number L8065x54 In2
100 ## - MAIN ENTRY--PERSONAL NAME
Personal name Central Statistics Office
9 (RLIN) 598
245 ## - TITLE STATEMENT
Title Sequence of national accounts India 2012
Statement of responsibility, etc by Central Statistics Office
260 ## - PUBLICATION, DISTRIBUTION, ETC. (IMPRINT)
Place of publication, distribution, etc New Delhi
Name of publisher, distributor, etc Controller of Publication
Date of publication, distribution, etc 2013
300 ## - PHYSICAL DESCRIPTION
Extent 71p.
Holdings
Withdrawn status Lost status Source of classification or shelving scheme Damaged status Koha normalized classification for sorting Not for loan Permanent location Current location Date acquired Full call number Barcode Date last seen Price effective from Koha item type
        L_8065X54_IN2   Indian Institute of Public Administration Indian Institute of Public Administration 2019-01-04 L8065x54 In2 GG34435 2019-01-16 2019-01-04 GG

Powered by Koha